000 00880cab a2200193 4500
001 ##L134866
008 060907n2006 000 0 eng u
035 _a(Sirsi) u134866
041 0 _aeng
100 1 _aLivette, Martin
245 0 2 _aA marketing perspective of private sector retirement housing and the effectiveness of the buyer behaviour of its purchasers
260 _c2006
490 0 _aProperty Management
_v24(4) 2006, 383-396(14)
520 _aAnalyses the results of research into the decision-making process of the buyers of retirement housing in the West Midlands. The survey found that although respondents carried out limited research on alternative schemes prior to purchase, the majority were very satisfied with their new home.
590 _aIKA190906
651 4 _aUnited Kingdom
_y
690 _aPROPERTY-PROPERTY ACQUISITION AND DISPOSAL
942 _n0
999 _c77682
_d77682